000 01403nam0a22003371 4500
001 rc\3915879
005 20250611021808.0
021 _aRU
_b[49-40404]
035 _a(NLR Aleph) 008022617
090 _a8770574
_c8770574
100 _a20130415d1949 |||y0rusy50 ca
101 1 _arus
_cfre
102 _aRU
105 _ay z |||||
200 1 _aДорога чести
_e[Ком. партия Франции. 1939-1943 гг.]
_fПер. с фр. М. Абкиной [и др.]
_gВступ. статья А. Жегаловой, [с. V-XVIII]
210 _aМосква
_cИзд-во иностр. лит.
_d1949
_gТип. "Кр. пролетарий"
215 _aXIX, 364 с.
_d20
300 _aНа обороте тит. л.: Florimond Bonte. Le chemin de l'honneur. Paris, 1949
300 _aПеред загл. авт.: Флоримон Бонт
513 0 _aFlorimond Bonte. Le chemin de l'honneur
606 _aПолитическая реакция во Франции
_z20 в.
_2psbo
606 _aКоммунистическая партия Франции
_2psbo
606 _aКоммунисты французские
_2psbo
700 1 _aБонт
_bФ.
_f1890-
_gФлоримон
702 1 _aАбкина
_bМ.
_4730
702 1 _aЖегалова
_bА.
_4080
801 0 _aRU
_bNLR
_gpsbo
801 1 _aRU
_bELAR
_2rusmarc
852 _aNLR
_jИ80 Г-3/12
942 _cBOOK
980 _aNB